Die 10 beliebtesten Haustiere - Statistiken

Allgemein
  • Dieses Quiz wurde 1.273 mal gespielt
  • Das Durchschnittsergebnis liegt bei 8 aus 10
Antwortstatistiken
Tier % Korrekt
Hund
100%
Katze
100%
Hamster
89%
Fisch
85%
Vogel
85%
Meerschweinchen
77%
Schlange
76%
Kaninchen
73%
Schildkröte
54%
Geko
12%
Keine übereinstimmenden Quizze gefunden
Verteilung der Resultate
Anzahl Personen mit jedem Resultat
Perzentil nach korrekt beantworteten Fragen
Ihre Resultats-Entwicklung
Sie haben dieses Quiz noch nicht gespielt